[Event "Ruhrgebiet Verbandsklasse Gruppe 2 1516"]
[Site "Germany"]
[Date "2016.04.24"]
[Round "9.6"]
[White "Meise, Ulrich"]
[Black "Kremer, Moritz"]
[Result "0-1"]
[WhiteElo "1809"]
[BlackElo "1802"]
[PlyCount "100"]
[EventDate "2015.09.06"]
[EventType "team-tourn"]
[EventRounds "9"]
[EventCountry "GER"]
[SourceTitle "EXT 2022"]
[Source "ChessBase"]
[SourceDate "2021.10.06"]
[SourceVersion "1"]
[SourceVersionDate "2021.10.06"]
[SourceQuality "1"]
[WhiteTeam "Gerthe Werne"]
[BlackTeam "Muelheim Nord IV"]
[WhiteTeamCountry "GER"]
[BlackTeamCountry "GER"]

1. e4 e6 2. d4 d5 3. e5 c5 4. c3 Nc6 5. Nf3 Qb6 6. Be2 cxd4 7. cxd4 Nge7 8. 0-0 Nf5 9. Be3 Nxe3 10. fxe3 Qxb2 11. Qd2 Qxa1 12. Nc3 Qxf1+ 13. Bxf1 Bb4 14. Qc2 Bxc3 15. Qxc3 0-0 16. Qe1 f5 17. Qh4 h6 18. Qh5 Bd7 19. g4 fxg4 20. Qxg4 Ne7 21. Nh4 Nf5 22. Nxf5 Rxf5 23. h4 g5 24. Bd3 Rf7 25. hxg5 hxg5 26. e4 Re8 27. exd5 exd5 28. Qg2 Bf5 29. Bxf5 Rxf5 30. Qxd5+ Rf7 31. Kg2 Kg7 32. e6 Rfe7 33. Qe5+ Kg6 34. d5 b5 35. Kg3 a5 36. Kg4 b4 37. Qxg5+ Kh7 38. Kf5 a4 39. Qh4+ Kg8 40. Qxb4 Rf8+ 41. Ke5 Rg7 42. e7 Rg5+ 43. Ke6 Ra8 44. Qb7 Re8 45. Kd7 Rxe7+ 46. Kxe7 Rg7+ 47. Ke8 Rxb7 48. d6 Rb2 49. d7 Re2+ 50. Kd8 Rxa2 0-1

[Event "Ruhrgebiet Verbandsklasse Gruppe 2 1516"]
[Site "Germany"]
[Date "2015.11.08"]
[Round "3.5"]
[White "Wloka, Sebastian"]
[Black "Meise, Ulrich"]
[Result "0-1"]
[WhiteElo "1861"]
[BlackElo "1796"]
[PlyCount "58"]
[EventDate "2015.09.06"]
[EventType "team-tourn"]
[EventRounds "9"]
[EventCountry "GER"]
[SourceTitle "EXT 2022"]
[Source "ChessBase"]
[SourceDate "2021.10.06"]
[SourceVersion "1"]
[SourceVersionDate "2021.10.06"]
[SourceQuality "1"]
[WhiteTeam "Eichlinghofen SV"]
[BlackTeam "Gerthe Werne"]
[WhiteTeamCountry "GER"]
[BlackTeamCountry "GER"]

1. d4 d5 2. c4 e6 3. Nc3 c6 4. Nf3 Nf6 5. e3 Bd6 6. Qc2 Nbd7 7. b3 0-0 8. Be2 e5 9. dxe5 Nxe5 10. cxd5 cxd5 11. Bb2 Nxf3+ 12. Bxf3 Be6 13. 0-0 Rc8 14. Qd3 Ng4 15. Bxg4 Bxg4 16. Qd4 Qg5 17. Qxd5 Qh6 18. f4 Rc5 19. Qd2 Rh5 20. g3 Bc5 21. Rae1 Bb6 22. Na4 Rd8 23. Bd4 Qe6 24. Nxb6 Qxb6 25. Qb2 Qb4 26. a3 Qd6 27. Bxg7 Qd2 28. h4 Rc5 29. Bd4 Rc2 0-1

[Event "Ruhrgebiet Verbandsklasse Gruppe 2 1516"]
[Site "Germany"]
[Date "2015.09.06"]
[Round "1.5"]
[White "Meise, Ulrich"]
[Black "Fistoul, Boris"]
[Result "0-1"]
[WhiteElo "1796"]
[BlackElo "1864"]
[PlyCount "56"]
[EventDate "2015.09.06"]
[EventType "team-tourn"]
[EventRounds "9"]
[EventCountry "GER"]
[SourceTitle "EXT 2022"]
[Source "ChessBase"]
[SourceDate "2021.10.06"]
[SourceVersion "1"]
[SourceVersionDate "2021.10.06"]
[SourceQuality "1"]
[WhiteTeam "Gerthe Werne"]
[BlackTeam "Bochum SG IV"]
[WhiteTeamCountry "GER"]
[BlackTeamCountry "GER"]

1. e4 e6 2. d4 b6 3. Nf3 Bb7 4. Bd3 c5 5. c3 Nf6 6. e5 Nd5 7. Be4 Qc8 8. 0-0 Nc7 9. Bc2 Nc6 10. Ng5 Be7 11. Qh5 Bxg5 12. Qxg5 Kf8 13. dxc5 bxc5 14. Be3 Na6 15. f4 Qc7 16. Nd2 h6 17. Qg3 f5 18. exf6 gxf6 19. Qg6 Qd8 20. f5 Ne5 21. Bxh6+ Ke7 22. Qg7+ Kd6 23. fxe6 Rg8 24. Nc4+ Kc7 25. Nxe5 Rxg7 26. Nf3 Re7 27. exd7 Qxd7 28. Rad1 Qg4 0-1

[Event "Ruhrgebiet Verbandsliga Gruppe 1 1415"]
[Site "Germany"]
[Date "2015.04.26"]
[Round "9.4"]
[White "Meise, Ulrich"]
[Black "Buschmann, Andreas"]
[Result "1/2-1/2"]
[WhiteElo "1801"]
[BlackElo "2036"]
[PlyCount "64"]
[EventDate "2014.09.21"]
[EventType "team-tourn"]
[EventRounds "9"]
[EventCountry "GER"]
[SourceTitle "EXT 2022"]
[Source "ChessBase"]
[SourceDate "2021.10.06"]
[SourceVersion "1"]
[SourceVersionDate "2021.10.06"]
[SourceQuality "1"]
[WhiteTeam "Gerthe Werne"]
[BlackTeam "Horst Emscher"]
[WhiteTeamCountry "GER"]
[BlackTeamCountry "GER"]

1. e4 c5 2. Nf3 Nc6 3. c3 d5 4. exd5 Qxd5 5. d4 Bg4 6. Be2 cxd4 7. cxd4 e6 8. Nc3 Qd7 9. Be3 Nf6 10. 0-0 Be7 11. Qa4 0-0 12. Rad1 Nd5 13. h3 Bh5 14. Nxd5 exd5 15. Rc1 Rac8 16. Ne5 Nxe5 17. Qxd7 Nxd7 18. Bxh5 Nf6 19. Bf3 Bd6 20. a3 h6 21. g4 Rfe8 22. Rfe1 b5 23. g5 hxg5 24. Bxg5 Rxe1+ 25. Rxe1 Rc2 26. Bxf6 gxf6 27. Re2 Rxe2 28. Bxe2 Bf4 29. Bxb5 Bc1 30. Bc6 Bxb2 31. a4 Bxd4 32. Bxd5 Kg7 1/2-1/2

[Event "Ruhrgebiet VL2 0304"]
[Site "Ruhrgebiet"]
[Date "2003.09.28"]
[Round "1.8"]
[White "Meise, Ulrich"]
[Black "Loskarn, Peter"]
[Result "0-1"]
[WhiteElo "1838"]
[BlackElo "1881"]
[PlyCount "100"]
[EventDate "2003.09.28"]
[EventType "team"]
[EventRounds "9"]
[EventCountry "GER"]
[SourceTitle "EXT 2007"]
[Source "ChessBase"]
[SourceDate "2006.11.23"]
[SourceVersion "1"]
[SourceVersionDate "2006.11.23"]
[SourceQuality "1"]
[WhiteTeam "Bochum Post"]
[BlackTeam "Wacker Bergeborbeck"]
[WhiteTeamCountry "GER"]
[BlackTeamCountry "GER"]

1. e4 e5 2. Nf3 d6 3. Nc3 h6 4. d4 Nd7 5. dxe5 dxe5 6. Bc4 Ngf6 7. 0-0 c6 8. a3 Bc5 9. b4 Bb6 10. b5 0-0 11. bxc6 bxc6 12. Bb2 Qe7 13. Qe2 Nc5 14. h3 Nh5 15. Bc1 Ne6 16. Rd1 Nhf4 17. Qf1 Nd4 18. Nxd4 Bxd4 19. Bd2 Rd8 20. Rab1 Be6 21. Bxe6 Nxe6 22. Ne2 Qxa3 23. Nxd4 Rxd4 24. Be3 Rxd1 25. Qxd1 Rd8 26. Qe2 a5 27. Qc4 Qd6 28. Qa6 Nc5 29. Qxa5 Nxe4 30. Bb6 Re8 31. Re1 Qd5 32. Qb4 Nd2 33. Bc7 Nc4 34. Bb8 f6 35. Ra1 Nd2 36. Ra7 Kh7 37. Qb7 Rg8 38. Ra3 Ne4 39. Qb1 Qc5 40. Re3 Nc3 41. Qb3 Nd5 42. Rg3 Nf4 43. Re3 Rd8 44. c4 Rd4 45. Qb1+ Ng6 46. Rg3 e4 47. Bc7 Rxc4 48. Qb8 Rc1+ 49. Kh2 Qxf2 50. Bb6 c5 0-1

[Event "Bochum-ch"]
[Site "Bochum"]
[Date "2000.11.27"]
[Round "7"]
[White "Jung, Benn"]
[Black "Meise, Ulrich"]
[Result "0-1"]
[WhiteElo "1717"]
[BlackElo "1805"]
[PlyCount "50"]
[EventDate "2000.10.09"]
[EventType "swiss"]
[EventRounds "9"]
[EventCountry "GER"]
[SourceTitle "EXT 2006"]
[Source "ChessBase"]
[SourceDate "2005.11.24"]
[SourceVersion "1"]
[SourceVersionDate "2005.11.24"]
[SourceQuality "1"]

1. e4 e5 2. Nf3 Nf6 3. d4 Nxe4 4. Bd3 d5 5. Nxe5 Bd6 6. 0-0 Bxe5 7. dxe5 0-0 8. Qh5 f5 9. b4 c6 10. Be3 d4 11. Bc4+ Kh8 12. Rd1 c5 13. bxc5 Nc6 14. c3 Nxe5 15. Bxd4 Qc7 16. Bxe5 Qxe5 17. Nd2 Nxd2 18. Rxd2 Qxc3 19. Rad1 Qxc4 20. Rd4 Qg8 21. Rh4 Be6 22. Rd3 f4 23. g4 f3 24. h3 g5 25. Re3 Rf6 0-1

[Event "Bochum-ch"]
[Site "Bochum"]
[Date "2000.10.30"]
[Round "4"]
[White "Meise, Ulrich"]
[Black "Radi, Guenter"]
[Result "1/2-1/2"]
[WhiteElo "1805"]
[BlackElo "1954"]
[PlyCount "120"]
[EventDate "2000.10.09"]
[EventType "swiss"]
[EventRounds "9"]
[EventCountry "GER"]
[SourceTitle "EXT 2006"]
[Source "ChessBase"]
[SourceDate "2005.11.24"]
[SourceVersion "1"]
[SourceVersionDate "2005.11.24"]
[SourceQuality "1"]

1. e4 c5 2. Nf3 Nc6 3. d4 cxd4 4. Nxd4 d6 5. Be3 g6 6. Nc3 Bg7 7. Bb5 Bd7 8. 0-0 Nf6 9. f3 0-0 10. Qd2 Ne5 11. Be2 Bc6 12. Nxc6 bxc6 13. h3 Ned7 14. Rab1 Nh5 15. Kh2 Qc7 16. f4 Nhf6 17. g3 Nb6 18. b3 Rfd8 19. Bf3 Rac8 20. Rfd1 Ne8 21. Qe1 e5 22. Rd3 Qe7 23. Rbd1 Nc7 24. a4 Rb8 25. a5 Nc8 26. Qf2 Na6 27. fxe5 Bxe5 28. Bd4 Nb4 29. R3d2 h5 30. Ne2 c5 31. Bxc5 Nc6 32. Be3 h4 33. Bf4 Qf6 34. Kg2 g5 35. Bxe5 Nxe5 36. Rd5 Ne7 37. R5d2 N7g6 38. Bg4 Qe7 39. Bf5 hxg3 40. Nxg3 Nh4+ 41. Kh1 Rb5 42. Qe2 Rxa5 43. Qh5 f6 44. Rd5 Rxd5 45. Rxd5 Nc6 46. Qg4 Nb4 47. Rd2 Qe5 48. Nh5 Kf7 49. Rf2 Ke7 50. Bc8 Nd5 51. Bb7 Ne3 52. Qg3 Qa1+ 53. Qg1 Qxg1+ 54. Kxg1 f5 55. exf5 Nhxf5 56. Re2 Rh8 57. Ng3 Kf6 58. Nxf5 Nxf5 59. Kg2 Rh7 60. Be4 Re7 1/2-1/2

[Event "Ruhrgebiet VK3 0001"]
[Site "Ruhrgebiet"]
[Date "2000.09.17"]
[Round "1"]
[White "Meise, Ulrich"]
[Black "Kock, Wolfgang"]
[Result "0-1"]
[WhiteElo "1777"]
[BlackElo "2056"]
[PlyCount "34"]
[EventDate "2000.09.17"]
[EventType "team-tourn"]
[EventRounds "9"]
[EventCountry "GER"]
[SourceTitle "EXT 2023"]
[Source "ChessBase"]
[SourceDate "2022.10.05"]
[SourceVersion "1"]
[SourceVersionDate "2022.10.05"]
[SourceQuality "1"]
[WhiteTeam "Bochum Post II"]
[BlackTeam "Castrop Rauxel III"]
[WhiteTeamCountry "GER"]
[BlackTeamCountry "GER"]

1. d4 Nf6 2. c4 e5 3. dxe5 Ng4 4. Nf3 Bc5 5. e3 Nc6 6. Nc3 0-0 7. Be2 Ngxe5 8. Nxe5 Nxe5 9. a3 a5 10. 0-0 Ra6 11. Ne4 Ba7 12. b3 Rh6 13. Ng3 Qh4 14. h3 d6 15. e4 Qxg3 16. Bxh6 gxh6 17. Qd2 Bxh3 0-1

[Event "Bochum-ch"]
[Site "Bochum"]
[Date "1998.11.19"]
[Round "6"]
[White "Waterkamp, Volkmar Erik"]
[Black "Meise, Ulrich"]
[Result "1-0"]
[WhiteElo "1796"]
[BlackElo "1845"]
[PlyCount "103"]
[EventDate "1998.10.19"]
[EventType "swiss"]
[EventRounds "7"]
[EventCountry "GER"]
[SourceTitle "EXT 2006"]
[Source "ChessBase"]
[SourceDate "2005.11.24"]
[SourceVersion "1"]
[SourceVersionDate "2005.11.24"]
[SourceQuality "1"]

1. c4 e5 2. Nc3 Nf6 3. g3 d5 4. cxd5 Nxd5 5. Bg2 c6 6. Nf3 Bd6 7. 0-0 0-0 8. d4 exd4 9. Nxd5 cxd5 10. Nxd4 Be5 11. Be3 Nc6 12. Rc1 Bxd4 13. Bxd4 Be6 14. Qd2 Qd7 15. Rfd1 Rac8 16. b3 Nxd4 17. Qxd4 Rxc1 18. Rxc1 b6 19. e4 dxe4 20. Qxd7 Bxd7 21. Rc7 Bf5 22. Rxa7 Rc8 23. h3 h6 24. g4 Bg6 25. Rb7 Rc1+ 26. Kh2 Rc2 27. Kg3 e3 28. Rb8+ Kh7 29. fxe3 Rxa2 30. Rxb6 Rb2 31. Bf3 Bc2 32. Bd5 f6 33. h4 Bd1 34. Be4+ Kg8 35. h5 Re2 36. Bg6 Rxe3+ 37. Kf2 Rxb3 38. Rd6 Kf8 39. Rxd1 Rb4 40. Re1 Rb8 41. Kf3 Rb3+ 42. Kf4 Rb4+ 43. Kf5 Rb5+ 44. Ke6 Rb7 45. Kd6 Rb8 46. Kd7 Rb7+ 47. Kd6 Rb8 48. Kd7 Rb7+ 49. Kc8 Re7 50. Rxe7 Kxe7 51. Kc7 Ke6 52. Kd8 1-0